00550 2200193 4500001002100000005001500021035002000036007000300056008004100059020002200100082001100122084001700133100002600150245005500176250001100231260004800242300004700290650001900337INLIS00000000000129520211005080452 a0010-1021000067ta211005 e 0 ind  a978-602-04-5950-2 a297.26 a297.26 PRA a0 aPratami Diah Herliani1 aAssalamualaikum, Ayah Ibu /cPratami Diah Herliani acet. 1 aJakarta :bPT. Elex Media Komputindo,c2018 axviii + 294 hlm. :bilus. ;c14 cm x 21 cm amotivasi islam